| 000 | 01117cam a2200277 i 4500 | ||
|---|---|---|---|
| 003 | SA-RiAUC | ||
| 005 | 20251203130525.0 | ||
| 008 | 251128s1974 su f l f000r0 ara c | ||
| 040 |
_aSA-JeALM _bara _cSA-RiAUC _dSA-RiKSU _erda |
||
| 043 |
_amr----- _aa-su--- |
||
| 082 | 0 | 4 |
_a346.531044 _qSA-RiAUC |
| 090 |
_a346.531044 _bس ع و |
||
| 110 | 1 |
_aالسعودية _eمؤلف. |
|
| 240 | 1 | 0 | _aنظام تملك ثروات البحر الأحمر (1388 هـ.) |
| 245 | 1 | 0 | _aنظام تملك ثروات البحر الأحمر./ |
| 264 | 1 |
_aمكة المكرمة : _bمطبعة الحكومة، _c1969 |
|
| 300 |
_a24 صفحة ؛ _c24 × 17 سم |
||
| 336 |
_aنص _btxt _2rdacontent _3كتاب |
||
| 337 |
_aبدون وسيط _bn _2rdamedia |
||
| 338 |
_aمجلد _bnc _2rdacarrier |
||
| 650 | 7 |
_aالموارد البحرية _xقوانين وتشريعات _xمطبوعات حكومية _zالسعودية _2aucsh |
|
| 650 | 7 |
_aالمطبوعات الحكومية _2aucsh |
|
| 651 | 7 |
_aالسعودية _xمطبوعات حكومية _2aucsh |
|
| 942 |
_2ddc _cBOOK _n0 |
||
| 949 |
_aSA-JeALM _d251128 _umohamedma123 _n1 |
||
| 999 |
_c13448 _d13448 |
||